Toutes les gares desservies en train depuis Lausanne - Statistiques

Statistiques générales
  • Ce quiz a été pris 99 fois
  • Le résultat moyen est 91 sur 181
Statistiques - réponses
Hint Réponse % Correct
IC1 | IR15 | S40/S41 Fribourg
92%
IC1 | IC5 | IR90 | +4 others Renens
92%
Frecciarossa | IR90/IR95 | R3/R4 | RE33 Montreux
90%
Frecciarossa | IR90/IR95 Sion
90%
IR90/IR95 | R3/R4 | RE33 Vevey
88%
IC5 | R1/R2 Yverdon-les-Bains
88%
R1/R2 | R3/R4 Lutry
85%
IR15 | IR95 | R8/R9 | RE33 Morges
85%
IC5 Neuchâtel
85%
R1/R2 | R3/R4 Pully
85%
IC1 | IC5 Zürich HB
85%
IC1 | IR15 Berne
83%
IR15 | IR95 | RE33 Nyon
81%
IR90/IR95 | RE33 Martigny
79%
IR90/IR95 | R3/R4 | RE33 Aigle
77%
IC1 | IR15 | IR90/IR95 Genève Aéroport
75%
R1/R2 | R3/R4 | R8/R9 Prilly-Malley
75%
IR90/IR95 Sierre
75%
IC1 | IC5 Saint-Gall
73%
R1/R2 | R3/R4 Bussigny
71%
R1/R2 | R3/R4 Cully
71%
IR15 Lucerne
71%
Frecciarossa | IC1 | IR15 | +3 others Genève Cornavin
69%
IC5 Bienne
67%
Frecciarossa | IR90/IR95 Brig
65%
R3/R4 | RE33 Villeneuve
63%
R8/R9 | RE33 Allaman
60%
RE33 Annemasse
60%
R3/R4 | RE33 Bex
60%
RE33 Gland
60%
Frecciarossa Milan-Centrale
60%
Lyria Paris Gare de Lyon
60%
Lyria | R3/R4 Vallorbe
60%
R1/R2 Grandson
58%
IC5 Olten
56%
IR15 | R8/R9 | S40/S41 Palézieux
56%
IR90/IR95 Viège
56%
IR15 | S40/S41 Romont
54%
RE33 Coppet
52%
R3/R4 La-Tour de Peilz
52%
IR90 | RE33 Saint-Maurice
52%
R1/R2 Chavornay
50%
Frecciarossa Domodossola
50%
RE33 Rolle
50%
IC5 Aarau
48%
Lyria Dijon
48%
IC1 | IC5 Winterthour
48%
R1/R2 | R3/R4 Cossonay-Penthalaz
46%
R8/R9 | S40/S41 Puidoux
46%
IC1 | IC5 Zürich Flughafen
46%
S40/S41 La Conversion
44%
R8/R9 Payerne
44%
S40/S41 Pully-Nord
44%
IC5 Soleure
42%
R1/R2 Eclépens
38%
RE33 Genève Eaux Vives
38%
R3/R4 La Sarraz
38%
R4 Saint-Saphorin
38%
R1/R2 Villette
38%
IR95 Loèche
35%
R8/R9 Saint-Prex
35%
IC1 Zürich Oerlikon
35%
R3/R4 Clarens
33%
RE33 Lancy Pont Rouge
33%
R8/R9 Moudon
33%
R1/R2 Vufflens-la-Ville
33%
IC1 Wil
33%
R4 Epesses
31%
R4 Rivaz
31%
R1/R2 Bavois
29%
Lyria Dôle-Ville
29%
S40/S41 Grandvaux
29%
RE33 Lancy Bachet
29%
R3/R4 Le Day
29%
S41 Oron
29%
IC5 Rorschach
29%
IR15 Sursee
29%
R4 Territet
29%
R9 Avenches
27%
R3/R4 Burier
27%
RE33 Genève Champel
27%
IC5 Granges Sud
27%
R8/R9 Lucens
27%
R3 Roche
27%
IR15 Zofingue
27%
Lyria Bourg-en-Bresse
25%
R8/R9 Lonay-Préverenges
25%
R9 Morges Saint-Jean
25%
R9 Murten/Morat
25%
IC1 Uzwil
25%
R4 Veytaux-Chillon
25%
R3/R4 Croy-Romainmôtier
23%
R8/R9 Etoy
23%
Lyria Frasne
23%
Lyria Bellegarde-sur-Valserine
21%
R8 Denges-Echandens
21%
RE33 Chêne-Bourg
19%
R2 Ependes
19%
IC1 Flawil
19%
R9 Henniez
19%
Lyria Mouchard
19%
S40/S41 Villars-sur-Glâne
19%
R3/R4 Arnex-sur-Orbe
17%
R3/R4 Bretonnières
17%
IC1 Gossau
17%
IC5 Oensingen
17%
S40/S41 Rosé
17%
R1 Essert-Pittet
15%
S41 Moreillon
15%
Frecciarossa Padoue
15%
S40/S41 Chénens
13%
R8/R9 Granges-Marnand
13%
Frecciarossa Brescia
10%
S40/S41 Cottens
10%
R8/R9 Ecublens-Rue
10%
Frecciarossa Venise Mestre
10%
Frecciarossa Vérone Porta Nuova
10%
S41 Bossière
8%
R9 Domdidier
8%
R9 Faoug
8%
S40/S41 Neyruz
8%
R8/R9 Palézieux-Village
8%
Frecciarossa Stresa
8%
R8/R9 Châtillens
6%
R9 Corcelles-Nord
6%
R9 Dompierre
6%
S40 Vauderens
6%
S40/S41 Villaz Saint-Pierre
6%
Frecciarossa Peschiera del Garda
2%
Aucun quiz correspondant
Distribution des résultats
% des personnes avec chaque résultat
Percentile par nombre de réponses
Votre historique - résultats
Vous n’avez pas pris ce quiz